000 00221nam a22000857a 4500
008 160816b xxu||||| |||| 00| 0 eng d
100 _9148
_aSwift J
245 _aGulliver's Travel-IX
260 _aNew Delhi
_bAPC publication
_c2016
999 _c2804
_d2804